[Event "7th Capablanca Memorial GM 2019"]
[Site "Anogia"]
[Date "2019.09.14"]
[Round "4.4"]
[White "Audi Ameya"]
[Black "Anagnostopoulos, Konstantinos"]
[Result "1/2-1/2"]
[WhiteElo "2329"]
[BlackElo "2322"]
[Annotator "NA"]
[PlyCount "99"]
[EventDate "2019.09.11"]
[EventType "tourn"]
[EventCountry "GRE"]
[SourceTitle "playchess.com"]
[Source "ChessBase"]
[SourceQuality "1"]
[TimeControl "40/5400+30:1800+30"]

1. c4 {[%emt 0:00:00]} e6 {[%emt 0:00:23]} 2. Nc3 {[%emt 0:00:00]} d5 {[%emt 0:00:05]} 3. d4 {[%emt 0:00:00]} Be7 {[%emt 0:00:05]} 4. Nf3 {[%emt 0:01:19]} Nf6 {[%emt 0:00:04]} 5. Bg5 {[%emt 0:05:26]} O-O {[%emt 0:00:45]} 6. e3 {[%emt 0:00:26]} Nbd7 {[%emt 0:00:39]} 7. cxd5 {[%emt 0:04:41]} exd5 {[%emt 0:01:04]} 8. Bd3 {[%emt 0:00:27]} c5 {[%emt 0:05:38]} 9. O-O {[%emt 0:05:13]} a6 {[%emt 0:07:28]} 10. a4 {[%emt 0:20:08]} c4 {[%emt 0:09:21]} 11. Bc2 {[%emt 0:01:08]} Qc7 {[%emt 0:06:48]} 12. e4 {[%emt 0:06:03]} dxe4 {[%emt 0:01:31]} 13. Nxe4 {[%emt 0:00:04]} Nd5 {[%emt 0:25:49]} 14. Bxe7 {[%emt 0:09:54]} Nxe7 {[%emt 0:00:04]} 15. Re1 {[%emt 0:00:04]} Nd5 {[%emt 0:03:34]} 16. Ra3 {[%emt 0:17:11]} a5 {[%emt 0:03:36]} 17. Ne5 {[%emt 0:03:17]} Nxe5 {[%emt 0:10:36]} 18. dxe5 {[%emt 0:00:07]} Qxe5 {[%emt 0:01:11]} 19. Rg3 {[%emt 0:07:21]} Nf6 {[%emt 0:02:31]} 20. Rg5 {[%emt 0:01:10]} Qe7 {[%emt 0:05:05]} 21. Nd6 {[%emt 0:07:25]} Qd8 {[%emt 0:00:21]} 22. Nxc4 {[%emt 0:00:51]} Qxd1 {[%emt 0:02:09]} 23. Bxd1 {[%emt 0:00:02]} Be6 {[%emt 0:01:41]} 24. Nxa5 {[%emt 0:00:49]} Bd5 {[%emt 0:02:31]} 25. Nb3 {[%emt 0:02:32]} Rxa4 {[%emt 0:00:13]} 26. Nc5 {[%emt 0:00:02]} Rd4 {[%emt 0:01:24]} 27. Rg3 {[%emt 0:04:45]} Rd2 {[%emt 0:01:33]} 28. b3 {[%emt 0:01:03]} b6 {[%emt 0:01:12]} 29. Rd3 {[%emt 0:00:28]} Rxd3 {[%emt 0:01:33]} 30. Nxd3 {[%emt 0:00:24]} Rc8 {[%emt 0:01:13]} 31. Nf4 {[%emt 0:00:29]} Bc6 {[%emt 0:02:41]} 32. h4 {[%emt 0:00:10]} Kf8 {[%emt 0:00:19]} 33. Be2 {[%emt 0:02:11]} Nd5 {[%emt 0:00:46]} 34. Bg4 {[%emt 0:01:04]} Rc7 {[%emt 0:01:44]} 35. Nd3 {[%emt 0:00:14]} Bd7 {[%emt 0:01:00]} 36. Bf3 {[%emt 0:00:14]} Be6 {[%emt 0:00:21]} 37. Ne5 {[%emt 0:00:29]} Nb4 {[%emt 0:00:41]} 38. Re4 {[%emt 0:00:42]} Nc6 {[%emt 0:00:44]} 39. Nc4 {[%emt 0:00:45]} Na5 {[%emt 0:00:31]} 40. Nxb6 {[%emt 0:00:00]} Nxb3 {[%emt 0:00:00]} 41. Ra4 {[%emt 0:06:36]} g6 {[%emt 0:07:20]} 42. Kh2 {[%emt 0:03:19]} Nd2 {[%emt 0:02:13]} 43. Be2 {[%emt 0:01:29]} Rc2 {[%emt 0:06:29]} 44. Rf4 {[%emt 0:00:02]} Kg7 {[%emt 0:01:26]} 45. Bd3 {[%emt 0:02:28]} Rc3 {[%emt 0:00:56]} 46. Be2 {[%emt 0:00:02]} Rc2 {[%emt 0:00:05]} 47. Na4 {[%emt 0:00:09]} Bc4 {[%emt 0:02:07]} 48. Bxc4 {[%emt 0:02:16]} Rxc4 {[%emt 0:00:10]} 49. Rxc4 {[%emt 0:00:02]} Nxc4 {[%emt 0:00:04]} 50. Kg3 {[%emt 0:00:38]} 1/2-1/2

[Event "7th Capablanca Memorial GM 2019"]
[Site "Anogia"]
[Date "2019.09.14"]
[Round "4.5"]
[White "Patrelakis, Evaggelos"]
[Black "Ioannidis, Evgenios"]
[Result "1/2-1/2"]
[WhiteElo "2202"]
[BlackElo "2390"]
[Annotator "NA"]
[PlyCount "43"]
[EventDate "2019.09.11"]
[EventType "tourn"]
[EventCountry "GRE"]
[SourceTitle "playchess.com"]
[Source "ChessBase"]
[SourceQuality "1"]
[TimeControl "40/5400+30:1800+30"]

1. e4 {[%emt 0:00:00]} c5 {[%emt 0:00:00]} 2. Nf3 {[%emt 0:00:00]} d6 {[%emt 0:00:10]} 3. d4 {[%emt 0:00:06]} cxd4 {[%emt 0:00:07]} 4. Nxd4 {[%emt 0:00:06]} Nf6 {[%emt 0:00:09]} 5. Nc3 {[%emt 0:00:05]} a6 {[%emt 0:00:20]} 6. Bg5 {[%emt 0:00:21]} e6 {[%emt 0:00:34]} 7. f4 {[%emt 0:00:15]} Be7 {[%emt 0:01:00]} 8. Qf3 {[%emt 0:00:31]} Qc7 {[%emt 0:00:28]} 9. O-O-O {[%emt 0:00:53]} O-O {[%emt 0:01:16]} 10. Bd3 {[%emt 0:03:49]} Nc6 {[%emt 0:01:16]} 11. Nxc6 {[%emt 0:04:05]} bxc6 {[%emt 0:00:09]} 12. Qg3 {[%emt 0:05:32]} e5 {[%emt 0:01:15]} 13. Be2 {[%emt 0:16:42]} Kh8 {[%emt 0:14:55]} 14. f5 {[%emt 0:12:43]} Rb8 {[%emt 0:03:19]} 15. Rd3 {[%emt 0:09:32]} d5 {[%emt 0:15:46]} 16. exd5 {[%emt 0:04:41]} Bxf5 {[%emt 0:09:43]} 17. d6 {[%emt 0:11:16]} Bxd6 {[%emt 0:00:06]} 18. Bxf6 {[%emt 0:00:14]} gxf6 {[%emt 0:00:31]} 19. Qf2 {[%emt 0:02:38]} Bxd3 {[%emt 0:00:11]} 20. Qxf6+ {[%emt 0:01:11]} Kg8 {[%emt 0:00:09]} 21. Bxd3 {[%emt 0:00:12]} e4 {[%emt 0:08:54]} 22. Qg5+ {[%emt 0:04:12]} 1/2-1/2

[Event "7th Capablanca Memorial GM 2019"]
[Site "Anogia"]
[Date "2019.09.15"]
[Round "5.1"]
[White "Ioannidis, Evgenios"]
[Black "Moiseenko, Vadim"]
[Result "0-1"]
[WhiteElo "2390"]
[BlackElo "2543"]
[Annotator "ChessBase"]
[PlyCount "64"]
[EventDate "2019.09.11"]
[EventType "tourn"]
[EventCountry "GRE"]
[SourceTitle "playchess.com"]
[Source "ChessBase"]
[SourceQuality "1"]
[TimeControl "40/5400+30:1800+30"]

1. Nf3 {[%emt 0:00:00]} c5 {[%emt 0:01:29]} 2. c4 {[%emt 0:00:26]} Nc6 {[%emt 0:00:12]} 3. Nc3 {[%emt 0:03:27]} g6 {[%emt 0:00:06]} 4. g3 {[%emt 0:00:53]} Bg7 {[%emt 0:00:11]} 5. Bg2 {[%emt 0:00:07]} Nh6 {[%emt 0:01:16]} 6. O-O {[%emt 0:08:24]} Nf5 {[%emt 0:00:59]} 7. Rb1 {[%emt 0:01:05]} d6 {[%emt 0:00:22]} 8. a3 {[%emt 0:00:42]} a5 {[%emt 0:01:42]} 9. e3 {[%emt 0:03:49]} O-O {[%emt 0:01:31]} 10. b3 {[%emt 0:02:03]} Bd7 {[%emt 0:06:42]} 11. Bb2 {[%emt 0:02:15]} Rb8 {[%emt 0:00:19]} 12. Nb5 {[%emt 0:03:07]} Ne5 {[%emt 0:03:21]} 13. Ne1 {[%emt 0:03:06]} Bc6 {[%emt 0:17:06]} 14. d4 {[%emt 0:12:05]} Bxb5 {[%emt 0:05:06]} 15. cxb5 {[%emt 0:02:48]} Nd7 {[%emt 0:03:35]} 16. d5 {[%emt 0:06:40]} a4 {[%emt 0:12:53]} 17. b4 {[%emt 0:05:04]} Ra8 {[%emt 0:07:00]} 18. Bh3 {[%emt 0:07:47]} cxb4 {[%emt 0:00:46]} 19. Bxf5 {[%emt 0:01:27]} Bxb2 {[%emt 0:00:06]} 20. Bxd7 {[%emt 0:00:23]} Bxa3 {[%emt 0:00:05]} 21. Bg4 {[%emt 0:02:58]} b3 {[%emt 0:00:04]} 22. Qd4 {[%emt 0:08:43]} Qa5 {[%emt 0:00:37]} 23. Be2 {[%emt 0:02:10]} Bb4 {[%emt 0:00:32]} 24. Nf3 {[%emt 0:00:36]} Bc3 {[%emt 0:02:07]} 25. Qh4 {[%emt 0:00:04]} Bf6 {[%emt 0:08:03]} 26. Ng5 {[%emt 0:01:56]} Bxg5 {[%emt 0:00:04]} 27. Qxg5 {[%emt 0:00:03]} Qb4 {[%emt 0:00:08]} 28. Bd1 {[%emt 0:11:24]} Qe4 {[%emt 0:05:17]} 29. Bxb3 {[%emt 0:01:20]} axb3 {[%emt 0:00:04]} 30. Rxb3 {[%emt 0:00:03]} Rfc8 {[%emt 0:00:18]} 31. Rfb1 {[%emt 0:02:01]} Rc4 {[%emt 0:02:56]} 32. R3b2 {[%emt 0:01:35]} f6 {[%emt 0:07:44]} 0-1

[Event "7th Capablanca Memorial GM 2019"]
[Site "Anogia"]
[Date "2019.09.15"]
[Round "5.2"]
[White "Anagnostopoulos, Konstantinos"]
[Black "Patrelakis, Evaggelos"]
[Result "1-0"]
[WhiteElo "2322"]
[BlackElo "2202"]
[Annotator "NA"]
[PlyCount "71"]
[EventDate "2019.09.11"]
[EventType "tourn"]
[EventCountry "GRE"]
[SourceTitle "playchess.com"]
[Source "ChessBase"]
[SourceQuality "1"]
[TimeControl "40/5400+30:1800+30"]

1. c4 {[%emt 0:00:00]} e5 {[%emt 0:00:00]} 2. Nc3 {[%emt 0:00:00]} Nc6 {[%emt 0:00:04]} 3. Nf3 {[%emt 0:00:00]} g6 {[%emt 0:00:09]} 4. d4 {[%emt 0:02:35]} exd4 {[%emt 0:00:08]} 5. Nxd4 {[%emt 0:00:04]} Bg7 {[%emt 0:00:14]} 6. Nxc6 {[%emt 0:00:08]} bxc6 {[%emt 0:00:13]} 7. g3 {[%emt 0:00:18]} Ne7 {[%emt 0:00:21]} 8. Bg2 {[%emt 0:00:05]} O-O {[%emt 0:00:32]} 9. O-O {[%emt 0:00:12]} Rb8 {[%emt 0:00:38]} 10. Qd2 {[%emt 0:06:20]} a5 {[%emt 0:08:06]} 11. Rb1 {[%emt 0:09:02]} d6 {[%emt 0:02:48]} 12. b3 {[%emt 0:00:40]} Be6 {[%emt 0:06:06]} 13. Bb2 {[%emt 0:01:13]} f5 {[%emt 0:22:14]} 14. f4 {[%emt 0:07:27]} d5 {[%emt 0:12:33]} 15. cxd5 {[%emt 0:02:47]} cxd5 {[%emt 0:04:59]} 16. Na4 {[%emt 0:01:42]} Bxb2 {[%emt 0:01:16]} 17. Rxb2 {[%emt 0:00:23]} c6 {[%emt 0:00:14]} 18. Rc2 {[%emt 0:03:05]} Rb5 {[%emt 0:02:30]} 19. e3 {[%emt 0:00:50]} Bf7 {[%emt 0:00:58]} 20. Rfc1 {[%emt 0:00:23]} Qd6 {[%emt 0:01:57]} 21. Nc5 {[%emt 0:08:36]} Ra8 {[%emt 0:04:18]} 22. Bh3 {[%emt 0:11:40]} Rb6 {[%emt 0:04:46]} 23. e4 {[%emt 0:09:11]} fxe4 {[%emt 0:02:26]} 24. Nxe4 {[%emt 0:00:21]} Qb4 {[%emt 0:03:57]} 25. Nf6+ {[%emt 0:00:20]} Kh8 {[%emt 0:05:37]} 26. Qe3 {[%emt 0:02:26]} Rb7 {[%emt 0:02:48]} 27. Qe5 {[%emt 0:06:15]} Qb6+ {[%emt 0:00:07]} 28. Rc5 {[%emt 0:00:48]} Qc7 {[%emt 0:00:10]} 29. Qb2 {[%emt 0:00:38]} d4 {[%emt 0:01:18]} 30. Qxd4 {[%emt 0:00:05]} Rb4 {[%emt 0:02:27]} 31. R1c4 {[%emt 0:03:30]} Qd8 {[%emt 0:04:19]} 32. Rxb4 {[%emt 0:07:24]} axb4 {[%emt 0:00:03]} 33. Bd7 {[%emt 0:00:40]} Qf8 {[%emt 0:00:21]} 34. Re5 {[%emt 0:10:07]} Ng8 {[%emt 0:02:14]} 35. Ne8 {[%emt 0:03:18]} h6 {[%emt 0:00:30]} 36. Ra5+ {[%emt 0:00:08]} 1-0

[Event "7th Capablanca Memorial GM 2019"]
[Site "Anogia"]
[Date "2019.09.15"]
[Round "5.3"]
[White "Manish Anto Cristiano F"]
[Black "Audi Ameya"]
[Result "0-1"]
[WhiteElo "2364"]
[BlackElo "2329"]
[Annotator "NA"]
[PlyCount "76"]
[EventDate "2019.09.11"]
[EventType "tourn"]
[EventCountry "GRE"]
[SourceTitle "playchess.com"]
[Source "ChessBase"]
[SourceQuality "1"]
[TimeControl "40/5400+30:1800+30"]

1. e4 {[%emt 0:00:00]} c5 {[%emt 0:00:00]} 2. Nf3 {[%emt 0:00:08]} e6 {[%emt 0:00:00]} 3. d4 {[%emt 0:00:25]} cxd4 {[%emt 0:00:00]} 4. Nxd4 {[%emt 0:00:32]} Nc6 {[%emt 0:00:00]} 5. Nc3 {[%emt 0:00:30]} Qc7 {[%emt 0:00:00]} 6. g3 {[%emt 0:00:28]} a6 {[%emt 0:01:31]} 7. Bg2 {[%emt 0:00:29]} Nf6 {[%emt 0:00:07]} 8. O-O {[%emt 0:00:33]} Bc5 {[%emt 0:00:14]} 9. Be3 {[%emt 0:01:03]} Ne5 {[%emt 0:00:31]} 10. h3 {[%emt 0:08:05]} d6 {[%emt 0:05:57]} 11. Qe2 {[%emt 0:01:54]} Ba7 {[%emt 0:01:05]} 12. Rad1 {[%emt 0:06:19]} Bd7 {[%emt 0:00:41]} 13. Kh1 {[%emt 0:01:22]} Rc8 {[%emt 0:21:48]} 14. g4 {[%emt 0:08:59]} h6 {[%emt 0:03:13]} 15. f4 {[%emt 0:04:36]} Nc4 {[%emt 0:00:02]} 16. Bc1 {[%emt 0:00:14]} Qa5 {[%emt 0:04:42]} 17. Nb1 {[%emt 0:07:15]} O-O {[%emt 0:21:34]} 18. b3 {[%emt 0:08:42]} Qxa2 {[%emt 0:04:33]} 19. bxc4 {[%emt 0:02:16]} Qxb1 {[%emt 0:00:04]} 20. Nb3 {[%emt 0:00:34]} Qa2 {[%emt 0:05:57]} 21. e5 {[%emt 0:03:02]} Ne8 {[%emt 0:01:09]} 22. Bxb7 {[%emt 0:05:39]} Rc7 {[%emt 0:02:48]} 23. Bg2 {[%emt 0:01:46]} d5 {[%emt 0:00:50]} 24. cxd5 {[%emt 0:10:35]} Rxc2 {[%emt 0:00:52]} 25. Rd2 {[%emt 0:13:07]} Rxd2 {[%emt 0:00:16]} 26. Nxd2 {[%emt 0:00:17]} Bb5 {[%emt 0:00:02]} 27. Qf3 {[%emt 0:00:15]} Bxf1 {[%emt 0:00:10]} 28. Nxf1 {[%emt 0:00:09]} Nc7 {[%emt 0:01:15]} 29. d6 {[%emt 0:00:14]} Nd5 {[%emt 0:03:35]} 30. Bd2 {[%emt 0:00:25]} a5 {[%emt 0:04:34]} 31. Qd3 {[%emt 0:02:35]} a4 {[%emt 0:01:20]} 32. f5 {[%emt 0:02:06]} Qb3 {[%emt 0:02:30]} 33. Qe4 {[%emt 0:06:13]} a3 {[%emt 0:06:11]} 34. fxe6 {[%emt 0:01:52]} fxe6 {[%emt 0:00:03]} 35. Qg6 {[%emt 0:00:14]} Qb6 {[%emt 0:02:40]} 36. Qxe6+ {[%emt 0:01:16]} Kh8 {[%emt 0:00:02]} 37. Kh2 {[%emt 0:00:15]} Qg1+ {[%emt 0:00:10]} 38. Kg3 {[%emt 0:00:08]} Bf2# {[%emt 0:00:03]} 0-1

[Event "7th Capablanca Memorial GM 2019"]
[Site "Anogia"]
[Date "2019.09.15"]
[Round "5.4"]
[White "Dushyant Sharma"]
[Black "Mirzoev, Emil"]
[Result "1/2-1/2"]
[WhiteElo "2242"]
[BlackElo "2477"]
[Annotator "ChessBase"]
[PlyCount "122"]
[EventDate "2019.09.11"]
[EventType "tourn"]
[EventCountry "GRE"]
[SourceTitle "playchess.com"]
[Source "ChessBase"]
[SourceQuality "1"]
[TimeControl "40/5400+30:1800+30"]

1. e4 {[%emt 0:00:00]} e6 {[%emt 0:16:38]} 2. d4 {[%emt 0:00:00]} d5 {[%emt 0:00:04]} 3. Nd2 {[%emt 0:00:05]} h6 {[%emt 0:00:53]} 4. Ngf3 {[%emt 0:03:21]} Nf6 {[%emt 0:00:12]} 5. e5 {[%emt 0:05:23]} Nfd7 {[%emt 0:00:10]} 6. c4 {[%emt 0:01:48]} dxc4 {[%emt 0:01:07]} 7. Nxc4 {[%emt 0:00:55]} Nb6 {[%emt 0:00:19]} 8. Nxb6 {[%emt 0:08:49]} axb6 {[%emt 0:00:45]} 9. Bc4 {[%emt 0:01:22]} Bb4+ {[%emt 0:02:33]} 10. Bd2 {[%emt 0:03:19]} Nc6 {[%emt 0:01:02]} 11. Bc3 {[%emt 0:02:16]} O-O {[%emt 0:02:47]} 12. O-O {[%emt 0:05:00]} Bd7 {[%emt 0:01:16]} 13. Bb3 {[%emt 0:03:04]} Ba5 {[%emt 0:06:01]} 14. Qd2 {[%emt 0:03:14]} b5 {[%emt 0:02:55]} 15. Bc2 {[%emt 0:01:54]} Qe7 {[%emt 0:01:44]} 16. Rfe1 {[%emt 0:05:25]} Bxc3 {[%emt 0:07:36]} 17. bxc3 {[%emt 0:00:43]} Ra3 {[%emt 0:00:21]} 18. Rab1 {[%emt 0:02:55]} Rd8 {[%emt 0:06:46]} 19. h4 {[%emt 0:08:58]} Be8 {[%emt 0:04:01]} 20. Re4 {[%emt 0:06:33]} Kh8 {[%emt 0:08:42]} 21. Rg4 {[%emt 0:03:52]} b4 {[%emt 0:05:05]} 22. cxb4 {[%emt 0:09:20]} Rxf3 {[%emt 0:01:23]} 23. gxf3 {[%emt 0:02:48]} Nxe5 {[%emt 0:00:09]} 24. Rg3 {[%emt 0:01:21]} Qxh4 {[%emt 0:01:18]} 25. Qc3 {[%emt 0:07:04]} Qxd4 {[%emt 0:05:11]} 26. Qxc7 {[%emt 0:01:03]} Rd7 {[%emt 0:07:05]} 27. Qb8 {[%emt 0:01:16]} Rd8 {[%emt 0:00:12]} 28. Qc7 {[%emt 0:07:53]} Rd7 {[%emt 0:03:28]} 29. Qc5 {[%emt 0:00:25]} Qxc5 {[%emt 0:03:28]} 30. bxc5 {[%emt 0:00:02]} Rc7 {[%emt 0:00:01]} 31. Be4 {[%emt 0:00:31]} Rxc5 {[%emt 0:05:04]} 32. Rxb7 {[%emt 0:00:14]} Kg8 {[%emt 0:00:38]} 33. f4 {[%emt 0:00:33]} Nd7 {[%emt 0:01:14]} 34. Ra3 {[%emt 0:01:15]} Nf6 {[%emt 0:00:53]} 35. Ra8 {[%emt 0:01:14]} g5 {[%emt 0:01:18]} 36. a4 {[%emt 0:01:54]} Kg7 {[%emt 0:01:25]} 37. Bf3 {[%emt 0:01:20]} Rc1+ {[%emt 0:00:56]} 38. Kg2 {[%emt 0:00:49]} g4 {[%emt 0:00:43]} 39. Bxg4 {[%emt 0:00:06]} Bc6+ {[%emt 0:00:54]} 40. Bf3 {[%emt 0:00:00]} Bxb7 {[%emt 0:00:00]} 41. Bxb7 {[%emt 0:00:04]} Nd5 {[%emt 0:05:11]} 42. Bxd5 {[%emt 0:02:24]} exd5 {[%emt 0:00:18]} 43. a5 {[%emt 0:00:29]} Ra1 {[%emt 0:00:49]} 44. a6 {[%emt 0:00:07]} Kf6 {[%emt 0:00:29]} 45. Rh8 {[%emt 0:00:44]} Kf5 {[%emt 0:00:46]} 46. Ra8 {[%emt 0:04:26]} Kxf4 {[%emt 0:00:50]} 47. a7 {[%emt 0:00:16]} f5 {[%emt 0:00:51]} 48. Rd8 {[%emt 0:00:41]} Rxa7 {[%emt 0:00:03]} 49. Rxd5 {[%emt 0:00:13]} Rg7+ {[%emt 0:00:29]} 50. Kh2 {[%emt 0:00:57]} Ke4 {[%emt 0:00:45]} 51. Ra5 {[%emt 0:02:34]} f4 {[%emt 0:02:48]} 52. Ra3 {[%emt 0:00:13]} f3 {[%emt 0:01:01]} 53. Kh3 {[%emt 0:05:16]} Rg1 {[%emt 0:01:05]} 54. Ra2 {[%emt 0:01:31]} h5 {[%emt 0:01:11]} 55. Kh2 {[%emt 0:01:13]} Rg5 {[%emt 0:01:33]} 56. Kh3 {[%emt 0:00:53]} Rg2 {[%emt 0:00:03]} 57. Rb2 {[%emt 0:00:34]} Kd3 {[%emt 0:00:05]} 58. Ra2 {[%emt 0:00:23]} Rg4 {[%emt 0:00:08]} 59. Rb2 {[%emt 0:00:25]} Ra4 {[%emt 0:01:56]} 60. Kg3 {[%emt 0:00:42]} Ke4 {[%emt 0:00:18]} 61. Rb3 {[%emt 0:01:23]} Ke5 {[%emt 0:00:17]} 1/2-1/2

[Event "7th Capablanca Memorial GM 2019"]
[Site "Anogia"]
[Date "2019.09.15"]
[Round "5.5"]
[White "David, Alberto"]
[Black "Osmak, Iulija"]
[Result "1/2-1/2"]
[WhiteElo "2533"]
[BlackElo "2408"]
[Annotator "ChessBase"]
[PlyCount "100"]
[EventDate "2019.09.11"]
[EventType "tourn"]
[EventCountry "GRE"]
[SourceTitle "playchess.com"]
[Source "ChessBase"]
[SourceQuality "1"]
[TimeControl "40/5400+30:1800+30"]

1. c4 {[%emt 0:00:00]} e6 {[%emt 0:00:23]} 2. g3 {[%emt 0:02:24]} Nf6 {[%emt 0:01:24]} 3. Bg2 {[%emt 0:00:14]} d5 {[%emt 0:00:09]} 4. Nf3 {[%emt 0:01:20]} Be7 {[%emt 0:00:13]} 5. O-O {[%emt 0:01:05]} O-O {[%emt 0:00:07]} 6. d3 {[%emt 0:03:03]} c5 {[%emt 0:03:11]} 7. cxd5 {[%emt 0:12:09]} Nxd5 {[%emt 0:04:57]} 8. Nc3 {[%emt 0:08:47]} Nc6 {[%emt 0:02:09]} 9. Bd2 {[%emt 0:03:40]} b6 {[%emt 0:08:09]} 10. d4 {[%emt 0:08:18]} Nxd4 {[%emt 0:07:14]} 11. Nxd4 {[%emt 0:00:43]} cxd4 {[%emt 0:00:05]} 12. Nxd5 {[%emt 0:00:24]} exd5 {[%emt 0:00:07]} 13. Qa4 {[%emt 0:02:11]} Bf6 {[%emt 0:05:38]} 14. Rfe1 {[%emt 0:12:52]} Bf5 {[%emt 0:06:58]} 15. Rac1 {[%emt 0:03:40]} Re8 {[%emt 0:03:47]} 16. Qb3 {[%emt 0:01:09]} Be4 {[%emt 0:08:20]} 17. Bh3 {[%emt 0:01:09]} h6 {[%emt 0:00:40]} 18. Bf4 {[%emt 0:07:09]} Bg5 {[%emt 0:12:00]} 19. Bxg5 {[%emt 0:01:01]} Qxg5 {[%emt 0:00:08]} 20. Qd1 {[%emt 0:02:46]} Qf6 {[%emt 0:06:54]} 21. Qd2 {[%emt 0:02:56]} Re7 {[%emt 0:03:22]} 22. Rcd1 {[%emt 0:10:16]} Rc7 {[%emt 0:00:45]} 23. Qxd4 {[%emt 0:00:06]} Qxd4 {[%emt 0:00:07]} 24. Rxd4 {[%emt 0:00:02]} Rc2 {[%emt 0:00:09]} 25. f3 {[%emt 0:06:40]} Bg6 {[%emt 0:00:09]} 26. Rb4 {[%emt 0:03:07]} Re8 {[%emt 0:03:31]} 27. Bf1 {[%emt 0:01:24]} Bd3 {[%emt 0:02:44]} 28. Kf2 {[%emt 0:02:07]} Re6 {[%emt 0:03:37]} 29. Rd4 {[%emt 0:01:36]} Bb5 {[%emt 0:00:43]} 30. b3 {[%emt 0:01:04]} Rxa2 {[%emt 0:00:31]} 31. Rxd5 {[%emt 0:00:04]} a6 {[%emt 0:01:30]} 32. Rd8+ {[%emt 0:01:13]} Kh7 {[%emt 0:01:02]} 33. Rc8 {[%emt 0:00:38]} Rb2 {[%emt 0:01:35]} 34. Rc7 {[%emt 0:00:05]} Rxb3 {[%emt 0:08:00]} 35. Rxf7 {[%emt 0:00:03]} Rb2 {[%emt 0:00:25]} 36. h4 {[%emt 0:00:56]} a5 {[%emt 0:01:16]} 37. h5 {[%emt 0:00:36]} Be8 {[%emt 0:01:29]} 38. Ra7 {[%emt 0:00:43]} Bxh5 {[%emt 0:02:14]} 39. Rc1 {[%emt 0:00:10]} Rf6 {[%emt 0:01:05]} 40. Rcc7 {[%emt 0:00:00]} Bxf3 {[%emt 0:00:00]} 41. Kg1 {[%emt 0:21:12]} Rb1 {[%emt 0:25:11]} 42. exf3 {[%emt 0:01:57]} Rxf3 {[%emt 0:00:15]} 43. Rxg7+ {[%emt 0:01:21]} Kh8 {[%emt 0:00:02]} 44. Rh7+ {[%emt 0:04:48]} Kg8 {[%emt 0:00:05]} 45. Rhg7+ {[%emt 0:00:05]} Kf8 {[%emt 0:01:57]} 46. Rgb7 {[%emt 0:00:03]} Rbxf1+ {[%emt 0:03:34]} 47. Kg2 {[%emt 0:00:05]} Rf7 {[%emt 0:01:29]} 48. Ra8+ {[%emt 0:00:05]} Kg7 {[%emt 0:00:03]} 49. Rxb6 {[%emt 0:00:03]} h5 {[%emt 0:01:42]} 50. Rb2 {[%emt 0:00:06]} R1f5 {[%emt 0:00:26]} 1/2-1/2

[Event "7th Capablanca Memorial GM 2019"]
[Site "Anogia"]
[Date "2019.09.16"]
[Round "6.1"]
[White "Moiseenko, Vadim"]
[Black "Osmak, Iulija"]
[Result "1/2-1/2"]
[WhiteElo "2543"]
[BlackElo "2408"]
[Annotator "ChessBase"]
[PlyCount "21"]
[EventDate "2019.09.11"]
[EventType "tourn"]
[EventCountry "GRE"]
[SourceTitle "playchess.com"]
[Source "ChessBase"]
[SourceQuality "1"]
[TimeControl "40/5400+30:1800+30"]

1. c3 {[%emt 0:00:00]} b6 {[%emt 0:00:23]} 2. d3 {[%emt 0:00:15]} Bb7 {[%emt 0:00:05]} 3. Nd2 {[%emt 0:00:06]} Nf6 {[%emt 0:00:16]} 4. Ngf3 {[%emt 0:00:05]} g6 {[%emt 0:00:25]} 5. g3 {[%emt 0:00:04]} Bg7 {[%emt 0:00:03]} 6. Bg2 {[%emt 0:00:03]} O-O {[%emt 0:00:08]} 7. O-O {[%emt 0:00:03]} d6 {[%emt 0:00:09]} 8. Qc2 {[%emt 0:00:06]} Nbd7 {[%emt 0:00:06]} 9. Re1 {[%emt 0:00:17]} e6 {[%emt 0:00:08]} 10. b3 {[%emt 0:00:07]} Qe7 {[%emt 0:00:05]} 11. Bb2 {[%emt 0:00:04]} 1/2-1/2